<?xml version="1.0" encoding="UTF-8"?>
<record
    xmlns:xsi="http://www.w3.org/2001/XMLSchema-instance"
    xsi:schemaLocation="http://www.loc.gov/MARC21/slim http://www.loc.gov/standards/marcxml/schema/MARC21slim.xsd"
    xmlns="http://www.loc.gov/MARC21/slim">

  <leader>01088nam a22002895i 4500</leader>
  <controlfield tag="001">153733</controlfield>
  <controlfield tag="003">ES-MaACL</controlfield>
  <controlfield tag="005">20250827062628.0</controlfield>
  <controlfield tag="008">990512m18861887sp       l   |||| | spa d</controlfield>
  <datafield tag="040" ind1=" " ind2=" ">
    <subfield code="a">M-RACM </subfield>
    <subfield code="b">spa </subfield>
    <subfield code="c">M-RACM </subfield>
    <subfield code="d">CCPB | B</subfield>
  </datafield>
  <datafield tag="110" ind1="1" ind2=" ">
    <subfield code="a">Espa&#xF1;a</subfield>
    <subfield code="9">3622</subfield>
  </datafield>
  <datafield tag="240" ind1="1" ind2="0">
    <subfield code="a">Leyes, etc., hipotecarias</subfield>
  </datafield>
  <datafield tag="245" ind1="1" ind2="0">
    <subfield code="a">Legislaci&#xF3;n hipotecaria espa&#xF1;ola / </subfield>
    <subfield code="c">con un pr&#xF3;logo de Don Bienvenido Oliver y Esteller.</subfield>
  </datafield>
  <datafield tag="260" ind1=" " ind2=" ">
    <subfield code="a">Madrid : </subfield>
    <subfield code="b">[s.n.], </subfield>
    <subfield code="c">1886-1887 (</subfield>
    <subfield code="f">Establecimiento Tipogr&#xE1;fico de Pedro Nu&#xF1;ez)</subfield>
  </datafield>
  <datafield tag="300" ind1=" " ind2=" ">
    <subfield code="a">3 v. ; </subfield>
    <subfield code="c">18 cm.</subfield>
  </datafield>
  <datafield tag="490" ind1="1" ind2=" ">
    <subfield code="a">Biblioteca judicial ; </subfield>
    <subfield code="v">32, 36, 37</subfield>
  </datafield>
  <datafield tag="510" ind1="4" ind2=" ">
    <subfield code="a">PALAU, </subfield>
    <subfield code="c">200747</subfield>
  </datafield>
  <datafield tag="597" ind1=" " ind2="1">
    <subfield code="a">Antep.</subfield>
  </datafield>
  <datafield tag="597" ind1=" " ind2=" ">
    <subfield code="a">vol. I  (XXXII, 240 p.) -- vol. II (272 p.) -- vol. III (295 p.)</subfield>
  </datafield>
  <datafield tag="650" ind1=" " ind2="4">
    <subfield code="a">Hipotecas-</subfield>
    <subfield code="z">Espa&#xF1;a-</subfield>
    <subfield code="v">Legislaci&#xF3;n.</subfield>
    <subfield code="9">13366</subfield>
  </datafield>
  <datafield tag="651" ind1=" " ind2="0">
    <subfield code="a">Espa&#xF1;a-</subfield>
    <subfield code="x">Legislaci&#xF3;n-</subfield>
    <subfield code="y">S. XIX</subfield>
    <subfield code="9">222256</subfield>
  </datafield>
  <datafield tag="700" ind1="1" ind2=" ">
    <subfield code="a">Oliver y Esteller, Bienvenido, </subfield>
    <subfield code="e">pr.</subfield>
    <subfield code="9">130627</subfield>
  </datafield>
  <datafield tag="752" ind1=" " ind2=" ">
    <subfield code="a">Espa&#xF1;a - </subfield>
    <subfield code="d">Madrid</subfield>
  </datafield>
  <datafield tag="830" ind1="0" ind2=" ">
    <subfield code="a">Biblioteca judicial ; </subfield>
    <subfield code="v">32, 36, 37</subfield>
    <subfield code="9">181856</subfield>
  </datafield>
  <datafield tag="852" ind1=" " ind2=" ">
    <subfield code="a">ES-MaACL</subfield>
    <subfield code="j">B-6644-6646 </subfield>
    <subfield code="z">-- Enc. pasta</subfield>
  </datafield>
  <datafield tag="999" ind1=" " ind2=" ">
    <subfield code="c">153733</subfield>
    <subfield code="d">153733</subfield>
  </datafield>
  <datafield tag="952" ind1=" " ind2=" ">
    <subfield code="0">0</subfield>
    <subfield code="1">0</subfield>
    <subfield code="4">0</subfield>
    <subfield code="7">0</subfield>
    <subfield code="8">LIBXIX</subfield>
    <subfield code="a">ATENEOM</subfield>
    <subfield code="b">ATENEOM</subfield>
    <subfield code="c">SPB</subfield>
    <subfield code="d">2008-01-17</subfield>
    <subfield code="e">SSC</subfield>
    <subfield code="l">0</subfield>
    <subfield code="o">B-6644-6646</subfield>
    <subfield code="p">1160719</subfield>
    <subfield code="r">2023-02-23 00:00:00</subfield>
    <subfield code="w">2023-02-23</subfield>
    <subfield code="y">MONANT</subfield>
  </datafield>
</record>
